banner koha

Selection of cotton genotypes for yield and fiber quality under water stress (Registro n. 337810)

MARC details
000 -LÍDER
fixed length control field 03213nab a2200325 i 4500
003 - CÓDIGO MARC DA AGÊNCIA CATALOGADORA
Campo de controle BR-BrBNA
005 - DATA E HORA DA ÚLTIMA ATUALIZAÇÃO
Campo de controle 20250826145854.0
008 - CAMPO DE TAMANHO FIXO
fixed length control field 250826b2022 bl.mr|pooa||| 00| 0 eng |
040 ## - FONTE DA CATALOGAÇÃO
Agência catalogadora BR-BrBNA
Idioma da catalogação eng
072 ## - CATEGORIA AGRIS
Código AGRIS F30
Código do objeto 0430
100 ## - ENTRADA PRINCIPAL - NOME PESSOAL
Nome pessoal Gomes, Itallo H. R. A.
100 ## - ENTRADA PRINCIPAL - NOME PESSOAL
Nome pessoal Cavalcanti, José J. V.
100 ## - ENTRADA PRINCIPAL - NOME PESSOAL
Nome pessoal Farias, Francisco J. C.
100 ## - ENTRADA PRINCIPAL - NOME PESSOAL
Nome pessoal Paixão, Francisco J. R. da
100 ## - ENTRADA PRINCIPAL - NOME PESSOAL
Nome pessoal Silva Filho, João L. da
100 ## - ENTRADA PRINCIPAL - NOME PESSOAL
Nome pessoal Suassuna, Nelson D.
245 ## - TÍTULO PRINCIPAL
Título principal Selection of cotton genotypes for yield and fiber quality under water stress
500 ## - NOTA GERAL
Nota geral Publicação on-line; 30 ref.; 4 tables; Sumaries (En, Pt)
942 ## - ADDED ENTRY ELEMENTS (KOHA)
Koha item type Analítica
520 ## - NOTA DE RESUMO
Nota de conteúdo <br/><br/>ABSTRACT: The objective of this work was to select a cotton line tolerant to water stress, based on yield and fiber quality characteristics. A total of nine cotton genotypes were evaluated (six breeding lines and three commercial cultivars) in two field experiments conducted in Quixeramobim - CE without water supplementation in 2018 and 2019, respectively. Traits related to cotton lint yield and intrinsic fiber quality were measured. Data were submitted to individual and joint analysis of variance, and selection by the selection index. The genetic variability among the materials demonstrates the possibility of significant gains in the cotton selection process. The genotypes CNPA 2013 - 2235 RF FL, CNPA 2013 - 2064 RF FL and CNPA 2012 - 160 RF FL, as well as the cultivar FM 944 GL, had higher production and better fiber quality under rainfed conditions.<br/><br/>Key words: Gossypiu m hirsutum L., semi-arid, genetic improvement
520 ## - NOTA DE RESUMO
Nota de conteúdo <br/><br/>RESUMO: O objetivo deste estudo foi selecionar linhagens de algodoeiro tolerantes ao estresse hídrico, com base em caracteres de produtividade e qualidade de fibra. O experimento foi conduzido em dois experimentos de campo em Quixeramobim - CE sem suplementação hídrica, nos anos: 2018 e 2019. Foram avaliados nove genótipos de algodoeiro, sendo seis linhagens e três cultivares comerciais. Foram mensuradas variáveis relacionadas com produtividade de algodão em pluma e qualidade intrínseca de fibra. Os dados foram submetidos à análise de variância individual e conjunta, e a seleção pelo índice de seleção. A variabilidade genética encontrada entre os materiais demonstra a possibilidade de ganhos significativos no processo de seleção do algodoeiro. Os genótipos CNPA 2013 - 2235 RF FL, CNPA 2013 - 2064 RF FL e CNPA 2012 - 160 RF FL e a cultivar FM 944 GL tiveram maior produção e melhor qualidade de fibra em condições de sequeiro.<br/><br/>Palavras-chave: Gossypium hirsutum L., semiárido, melhoramento genético
650 ## - ASSUNTO - THESAGRO
Cabeçalho tópico ou nome geográfico ALGODÃO
650 ## - ASSUNTO - THESAGRO
Cabeçalho tópico ou nome geográfico LINHAGEM
650 ## - ASSUNTO - THESAGRO
Cabeçalho tópico ou nome geográfico SELEÇÃO
650 ## - ASSUNTO - THESAGRO
Cabeçalho tópico ou nome geográfico VARIAÇÃO GENÉTICA
650 ## - ASSUNTO - THESAGRO
Cabeçalho tópico ou nome geográfico MELHORAMENTO GENÉTICO VEGETAL
773 0# - ENTRADA ANALÍTICA
Host Biblionumber 3534
Registro do item 317824
Imprenta Campina Grande-PB Universidade Federal de Campina Grande. Centro de Ciências e Tecnologia 1997
Outro identificador 2024-4543
Título Revista Brasileira de Engenharia Agrícola e Ambiental (Brazil)
ISSN 1415-4366
Colação v. 26 (8) p. 610-617; (2022)
Número de controle de registro BR2025003487
856 ## - ACESSO E ENDEREÇO ELETRÔNICO
Identificador uniforme de recurso - URI https://www.scielo.br/j/rbeaa/a/Sr6nrGzmx9t438ySN8RCKDR/?format=pdf&lang=en

Nenhum exemplar disponível.

BINAGRI

Telefone: (61)3218-2567/2388/3357/2097 - binagri@agro.gov.br

Ministério da Agricultura e Pecuária , Esplanada dos Ministérios, Bloco D, Anexo B, Brasília/DF, CEP: 70.043-900